000 00612nam a22001817a 4500
003 OSt
005 20251118135452.0
008 251118b |||||||| |||| 00| 0 eng d
020 _a0-13-535912-4
040 _aDWC-Main lib
_cOC
082 _aCirc. 005.13 D325c 1998
100 _aDietel, H.M.
245 _aC++ how to program :
_binstructor's manual
_cDietel, H.M.
260 _aNewJjersey :
_b Prentice Hall,
_c c1998
300 _a552 pages :
_c28 cm.,
_e1 disc
650 _2Ctt (computer program)
942 _2ddc
_cBK-CIRC
_e2nd edition
_hCirc. 005.13 D325c 1998
_kCirc.
_n0
999 _c5807
_d5807